វិធីសាស្រ្តផ្សព្វផ្សាយកសិកម្មនៅខេត្តព្រៃវែង (agricultural exatension methodologies in preyveng) (Record no. 387)
[ view plain ]
| 000 -LEADER | |
|---|---|
| fixed length control field | 00544nam a22001577a 4500 |
| 003 - CONTROL NUMBER IDENTIFIER | |
| control field | OSt |
| 005 - DATE AND TIME OF LATEST TRANSACTION | |
| control field | 20150913155909.0 |
| 008 - FIXED-LENGTH DATA ELEMENTS--GENERAL INFORMATION | |
| fixed length control field | 150913b xxu||||| |||| 00| 0 eng d |
| 040 ## - CATALOGING SOURCE | |
| Transcribing agency | RUA |
| 082 ## - DEWEY DECIMAL CLASSIFICATION NUMBER | |
| Classification number | AGR SIN 1998 B020 Or.1 |
| 100 ## - MAIN ENTRY--PERSONAL NAME | |
| 9 (RLIN) | 408 |
| Personal name | SINGHA, CHHUN. |
| 245 ## - TITLE STATEMENT | |
| Title | វិធីសាស្រ្តផ្សព្វផ្សាយកសិកម្មនៅខេត្តព្រៃវែង (agricultural exatension methodologies in preyveng) |
| 260 ## - PUBLICATION, DISTRIBUTION, ETC. (IMPRINT) | |
| Place of publication, distribution, etc. | Phnom Penh |
| Name of publisher, distributor, etc. | RUA |
| Date of publication, distribution, etc. | 1998 |
| 300 ## - PHYSICAL DESCRIPTION | |
| Extent | 54p. |
| Other physical details | ill. |
| Dimensions | 29cm. |
| 942 ## - ADDED ENTRY ELEMENTS (KOHA) | |
| Source of classification or shelving scheme | |
| Koha item type | AGR |
| Price effective from | Date last seen | Permanent Location | Not for loan | Date acquired | Source of classification or shelving scheme | Koha item type | Barcode | Lost status | Damaged status | Shelving location | Withdrawn status | Current Location | Full call number |
|---|---|---|---|---|---|---|---|---|---|---|---|---|---|
| 2015-09-13 | 2015-09-13 | Library Block B | 2015-09-13 | AGR | RUA004087 | B020 | Library Block B | AGR SIN 1998 B020 Or.1 | |||||
| 2015-09-13 | 2015-09-13 | Library Block B | 2015-09-13 | AGR | RUA004088 | B020 | Library Block B | AGR SIN 1998 B020 Or.2 | |||||
| 2015-09-13 | 2015-09-13 | Library Block B | 2015-09-13 | AGR | RUA004073 | B020 | Library Block B | AGR SIN 1998 B020 Or.3 | |||||
| 2015-09-13 | 2015-09-13 | Library Block B | 2015-09-13 | AGR | RUA005191 | B020 | Library Block B | AGR SIN 1998 B020 Or.4 | |||||
| 2015-09-13 | 2015-09-13 | Library Block B | 2015-09-13 | AGR | RUA005129 | B020 | Library Block B | AGR SIN 1998 B020 Or.5 | |||||
| 2015-09-29 | 2015-09-29 | Library Block B | 2015-09-29 | AGR | RUA008812 | B020 | Library Block B | AGR SIN 1998 B020 Or.6 | |||||
| 2015-09-29 | 2015-09-29 | Library Block B | 2015-09-29 | AGR | RUA008956 | B020 | Library Block B | AGR SIN 1998 B020 Or.7 |